00758nam a22002417a 45000010005000000030006000050050017000110080041000280100017000690200017000860400018001030500013001210820011001341000019001452450052001642600030002163000055002465050007003015200128003085210027004365210018004636500035004812195FISKH20231108162201.0231108b cb ||||| |||| 00| 0 eng d a 2005700920 a033500001017 aDLCcDLCbeng aPZ10.W16 a741.56 aSalten, Felix 00aWalt Disney's Bambi : bFriends of the forest / aRacine :bWestern,c1975. a24 unnumbered pages :bcolor illustrtions ;c21 cm aO  aThough but a handsome fawn, the Prince of the Forest saves little Thumper's life, making the King of the Forest very proud.8 a600 bLexile estimate 8 aO bRaz-Plus  2Friends vJuvenile literature